| 000 | 00453nam a2200169Ia 4500 | ||
|---|---|---|---|
| 008 | 221220s9999 xx 000 0 und d | ||
| 020 | _a978-81-3126-526-0 | ||
| 041 | _aEnglish | ||
| 100 | _aC. K. Thakker | ||
| 245 | 0 |
_aTakwani - Criminal Procedure 5th Ed _cby C. K. Thakker, M. C. Thakker |
|
| 250 | _a5th | ||
| 260 |
_bLexis Nexis _aHaryana _c2022 |
||
| 300 | _a496 | ||
| 650 | _aCriminal Procedure | ||
| 700 | _aM. C. Thakker | ||
| 942 |
_2DDC _cBK |
||
| 999 |
_c19164 _d19164 |
||